Students solutions manual to general chemistry (Record no. 13965)
[ view plain ]
| 000 -LEADER | |
|---|---|
| fixed length control field | 00588nam a2200217Ia 4500 |
| 003 - CONTROL NUMBER IDENTIFIER | |
| control field | mut |
| 005 - DATE AND TIME OF LATEST TRANSACTION | |
| control field | 20240606081302.0 |
| 008 - FIXED-LENGTH DATA ELEMENTS--GENERAL INFORMATION | |
| fixed length control field | 150730s9999 xx 000 0 und d |
| 020 ## - INTERNATIONAL STANDARD BOOK NUMBER | |
| International Standard Book Number | 9780618399451 |
| 040 ## - CATALOGING SOURCE | |
| Transcribing agency | mut |
| 050 ## - LIBRARY OF CONGRESS CALL NUMBER | |
| Classification number | QD 31.3 |
| Item number | .B64 2005 |
| 100 ## - MAIN ENTRY--PERSONAL NAME | |
| Personal name | Bookin, David |
| 245 ## - TITLE STATEMENT | |
| Title | Students solutions manual to general chemistry |
| 250 ## - EDITION STATEMENT | |
| Edition statement | 8th ed. |
| 260 ## - PUBLICATION, DISTRIBUTION, ETC. | |
| Place of publication, distribution, etc. | Boston |
| Name of publisher, distributor, etc. | Houghton Mifflin Company |
| Date of publication, distribution, etc. | 2005 |
| 650 ## - SUBJECT ADDED ENTRY--TOPICAL TERM | |
| Topical term or geographic name entry element | Chemistry |
| Form subdivision | Textbooks. |
| 700 ## - ADDED ENTRY--PERSONAL NAME | |
| Personal name | Ebbing, Darell D. |
| 700 ## - ADDED ENTRY--PERSONAL NAME | |
| Personal name | Gammon, Steven D. |
| 942 ## - ADDED ENTRY ELEMENTS (KOHA) | |
| Source of classification or shelving scheme | Library of Congress Classification |
| Koha item type | Books |
| Withdrawn status | Lost status | Source of classification or shelving scheme | Damaged status | Not for loan | Home library | Current library | Shelving location | Date acquired | Source of acquisition | Total checkouts | Full call number | Barcode | Date last seen | Date last checked out | Price effective from | Koha item type |
|---|---|---|---|---|---|---|---|---|---|---|---|---|---|---|---|---|
| Library of Congress Classification | Murang'a University of Technology Library | Murang'a University of Technology Library | General stacks | 02/11/2017 | Donation-TFC | 1 | QD 31.3 .B64 2005 | 014114 | 30/08/2024 | 07/02/2020 | 02/11/2017 | Books | ||||
| Library of Congress Classification | Murang'a University of Technology Library | Murang'a University of Technology Library | General stacks | 13/06/2025 | Donation | QD 31.3 .B64 2005 | 017486 | 13/06/2025 | 13/06/2025 | Books |